000 01682nam a22002297a 4500
003 NALT
005 20251209092644.0
008 s2558 th tha d
040 _aNALT
041 _atha
050 _aHC 445.Z9C65
_bค123ค 2558
110 2 _aสำนักงานสภาพัฒนาการเศรษฐกิจและสังคมแห่งชาติ.
_926388
245 1 0 _aโครงการติดตามประเมินผลการพัฒนาโครงการหนึ่งตำบล หนึ่งผลิตภัณฑ์ ภายใต้โครงการติดตามประเมินผลนโยบายของรัฐบาล (รายงานการศึกษาฉบับสมบูรณ์) /
_cสำนักงานคณะกรรมการพัฒนาการเศรษฐกิจและสังคมแห่งชาติ.
260 _aกรุงเทพฯ :
_bสำนักงานคณะกรรมการพัฒนาการเศรษฐกิจและสังคมแห่งชาติ,
_c2558.
300 _a1 เล่ม :
_bตาราง ;
_c29 ซม.
650 4 _aโครงการหนึ่งตำบล หนึ่งผลิตภัณฑ์
_928555
_xนโยบายของรัฐ
_xวิจัย
650 4 _aโครงการหนึ่งตำบล หนึ่งผลิตภัณฑ์
_928556
_xวิจัย
653 4 _aผลิตภัณฑ์ชุมชน
850 _aNALT
942 _cRSH
_2lcc
996 _asaiphon.d
_bCATSTF
_c2025-12-09
999 _c74410
_d74410
998 _j104
_k นางสาวสายฝน ดีงาม